1660 1982 1490 1826 1536 1921 1169 1481 1588 1894 1723 1047 1009 1532 1100 1670 1526 1534 1705 1317 1096 1929 1682 1127 1566 1402 1792 1729 1296 1902 1850 1157 1224 1391 1051 1171 1947 1413 1509 1898 1562 1363 1749 1154 1351 1442 1628 1575 1290 1781 1674 1490 1051 1248 1444 1636 1445 1359 1089 1239 1569 1641 1281 1048 1182 1914 1782 1477 1307 1393 1871 1757 1027 1510 1629 1558 1431 1394 1414 1283 1271 1453 1601 1886 1655 1658 1307 1841 1530 1452 1099 1356 1207 1243 1192 1218 1724 1516 1601 BCNSPRNW ULIB Ver.6.0+V

เปลี่ยนเป็นภาษาไทย

Change to English
 แสดงรายละเอียดบรรณานุกรม
  กลับหน้าหลัก

Brief Record : Get Marc (ISO 2709) : E-mail record : QR code < ปิดหน้าต่าง
LEADER : 00000nam 2200000uu 4500
001    13399109569
003     ULIB
008    110405s2550||||th 000 0 tha d
020     ^a9743471855
050    ^aLB1779 ^bผ113
100 0   ^aผกา สัตยธรรม.
245 1   ^aคุณธรรมของครู / ^cผกา สัตยธรรม.
260     ^aกรุงเทพฯ : ^bสำนักพิมพ์แห่งจุฬาลงกรณ์มหาวิทยาลัย, ^c2550.
300     ^a423 หน้า : ^bภาพประกอบ ; ^c26 ซม.
505 0   ^aจริยธรรมสำหรับครู -- สภาพปัญหาและการวิเคราะห์ปัญหาด้านคุณธรรมของสังคมไทยปัจจุบัน -- คุณธรรมกับประสิทธิภาพในการทำงาน -- คุณธรรมบ่อเกิดแห่งความสุขและความสำเร็จ -- บทบาท หน้าที่ และคุณธรรมของครู -- การสร้างเสริมคุณธรรมในตนเองในฐานะครูประถมศึกษา -- การส่งเสริมคุณธรรมในตัวนักเรียน -- วิธีสอน วิธีเรียนจริยธรรม.
650     ^aครู ^xจรรยาบรรณ
650     ^aศีลธรรมจรรยา
650     ^aครู ^xจรรยาบรรณ.
650     ^aศีลธรรมจรรยา.
710 2   ^aจุฬาลงกรณ์มหาวิทยาลัย. ^bภาควิชาประถมศึกษา
995     เกษร
999 ^a ใช้งานได้ทุกระบบ
รายการนี้ยังไม่มีแท็ก
คุณยังไม่ได้ล็อกอิน คุณสามารถมีกิจกรรมร่วมกับเว็บไซต์ได้ แต่ต้องล็อกอินก่อน ::
  ล็อกอิน

รายการสื่อสารสนเทศ

ลำดับที่ ประเภท เลขเรียก/บาร์โค้ด สถานที่ สถานะ
- ไม่พบข้อมูล -

รายการใกล้เคียง
    หัวเรื่อง [ศีลธรรมจรรยา]

BibComment


ยังไม่เคยถูกคอมเมนท์

คอมเมนท์ทรัพยากรรายการนี้
  คอมเมนท์: คุณธรรมของครู ..


 Copyright 2026. Bcnsprnw @Library